| 000 | 01076nam a22003857a 4500 | ||
|---|---|---|---|
| 005 | 20250626150621.0 | ||
| 008 | 200902b2016 xxu||||| |||| 00| 0 spa d | ||
| 020 | _a9786076103630 | ||
| 041 | _aESP | ||
| 082 | _a614.1 V718a | ||
| 100 |
_aVillanueva Pérez, Enrique Loreto _958269 |
||
| 245 | _aArquitectura forense | ||
| 260 | _aMéxico | ||
| 260 | _bFlores | ||
| 260 | _c2016 | ||
| 300 | _a256 páginas | ||
| 490 | _aInvestigación Criminal | ||
| 650 | _aARQUITECTURA FORENSE | ||
| 650 | _aMEDICINA LEGAL | ||
| 650 | _aCIENCIAS FORENSES | ||
| 650 | _aINVESTIGACIÓN CRIMINAL | ||
| 650 | _aDERECHO | ||
| 650 | _aSERVICIOS PERICIALES | ||
| 650 | _aARQUITECTOS CON EL DERECHO | ||
| 650 | _aRESPONSABILIDAD PENAL EN LA CONSTRUCCIÓN | ||
| 650 | _aNORMAS EN LA CONSTRUCCIÓN | ||
| 650 | _aPRUEBA PERICIAL | ||
| 650 | _aINGENIERÍA CIVIL PENAL | ||
| 650 | _aDELITOS CONTRA EL PATRIMONIO | ||
| 650 | _aMÉXICO | ||
| 650 | _aDELITO DE DESPOJO | ||
| 650 | _aFRAUDE PROCESAL | ||
| 650 | _aMARCO JURÍDICO DE LA CONSTRUCCIÓN | ||
| 942 |
_cBK _2ddc |
||
| 999 |
_c12703 _d12703 |
||